LEADER 01166nam0-2200373---450- 001 990009171460403321 005 20100413091159.0 010 $a978-88-11-74032-2 035 $a000917146 035 $aFED01000917146 035 $a(Aleph)000917146FED01 035 $a000917146 100 $a20100413d2009----km-y0itay50------ba 101 0 $aita 102 $aIT 105 $ay-------001yy 200 1 $aChe cos'e la televisione$eil piccolo schermo fra cultura e societą$ei generi, l'industria, il pubblico$fAldo Grasso, Massimo Scaglioni$gin appendice saggi di Edmondo Berselli e Carlo Freccero 205 $a3. rist. 2. ed 210 $aMilano$cGarzanti$d2009 215 $a554 p.$d21 cm 225 1 $aSaggi 610 0 $aTelevisione$aItalia 676 $a384.550945$v21$zita 700 1$aGrasso,$bAldo$f<1948- >$040244 701 1$aScaglioni,$bMassimo$0507413 702 1$aFreccero,$bCarlo 702 1$aBerselli,$bEdmondo$f<1951-2010> 801 0$aIT$bUNINA$gRICA$2UNIMARC 901 $aBK 912 $a990009171460403321 952 $aIX A 1199$b44040$fFSPBC 959 $aFSPBC 996 $aChe cos'e la televisione$9780692 997 $aUNINA LEADER 02010oam 22004934a 450 001 9910504291903321 005 20211107030016.0 010 $a0-8203-6001-5 035 $a(CKB)5590000000629563 035 $a(OCoLC)1268931515 035 $a(MdBmJHUP)musev2_97987 035 $a(EXLCZ)995590000000629563 100 $a20210922d2021 uy 0 101 0 $aeng 135 $aur|||||||nn|n 181 $ctxt$2rdacontent 182 $cc$2rdamedia 183 $acr$2rdacarrier 200 14$aSalzburgers and Their Descendants$fby P.A. Strobel, with foreword, appendix, and index by Edward D. Wells, Sr. ; with a new foreword by Russell C. Kleckley 210 1$d2021.$cUniversity of Georgia Press,$aAthens : 215 $a1 online resource (1 online resource xiii, 318 pages) : $cillustrations 300 $aReproduction of original ed. with t.p. reading: The Salzburgers and their descendants; being the history of a colony of German (Lutheran) Protestants, who emigrated to Georgia in 1734, and settled at Ebenezer ... Baltimore, T. Newton, Kurtz, 1855. 311 $a0-8203-6003-1 606 $aHISTORY / United States / State & Local / South (AL, AR, FL, GA, KY, LA, MS, NC, SC, TN, VA, WV)$2bisacsh 606 $aSalzburgers$2fast$3(OCoLC)fst01104474 606 $aSalzburgers$zGeorgia 607 $aGeorgia$zEbenezer (Effingham County)$2fast 607 $aGeorgia$2fast 607 $aEbenezer (Effingham County, Ga.)$xHistory 608 $aHistory. 608 $aElectronic books. 615 0$aHISTORY / United States / State & Local / South (AL, AR, FL, GA, KY, LA, MS, NC, SC, TN, VA, WV) 615 0$aSalzburgers. 615 0$aSalzburgers 676 $a929.20973 700 $aStrobel$b P. A$g(Philip A.),$01022977 702 $aKleckley$b Russell C. 702 $aWells$b Edward D.$cSr., 801 0$bMdBmJHUP 801 1$bMdBmJHUP 906 $aBOOK 912 $a9910504291903321 996 $aSalzburgers and Their Descendants$92430144 997 $aUNINA LEADER 01063nam 2200385 450 001 9910819131703321 005 20200409103406.0 010 $a0-8229-8753-8 035 $a(CKB)4100000010323725 035 $a(MiAaPQ)EBC6109870 035 $a(EXLCZ)994100000010323725 100 $a20200409d2020 uy p 101 0 $aeng 135 $aurcnu|||||||| 181 $ctxt$2rdacontent 182 $cc$2rdamedia 183 $acr$2rdacarrier 200 10$aIn my unknowing /$fChard DeNiord 210 1$aPittsburgh, Pennsylvania :$cUniversity of Pittsburgh Press,$d[2020] 210 4$d©2020 215 $a1 online resource (ix, 86 pages) 225 1 $aPitt poetry series 311 $a0-8229-6615-8 410 0$aPitt poetry series. 606 $aAmerican poetry$y21st century 615 0$aAmerican poetry 676 $a811.6 700 $aDeNiord$b Chard$f1952-$01643257 801 0$bMiAaPQ 801 1$bMiAaPQ 801 2$bMiAaPQ 906 $aBOOK 912 $a9910819131703321 996 $aIn my unknowing$94002068 997 $aUNINA